Eurovision 2026 - Blind Challenge - Statistics

General Stats
  • This quiz has been taken 121 times
    77 since last reset
  • The average score is 30 of 35
Answer Stats
Hint Answer % Correct
Sweden My System
97%
Greece Ferto
94%
Norway Ya Ya Ya
92%
Croatia Andromeda
91%
Romania Choke Me
91%
Malta Bella
89%
Czechia Crossroads
89%
Germany Fire
89%
Poland Pray
89%
Bulgaria Bangaranga
88%
Cyprus Jalla
88%
Montenegro Nova Zora
88%
France Regarde !
88%
San Marino Superstar
88%
Estonia Too Epic To Be True
88%
Switzerland Alice
86%
Belgium Dancing On The Ice
86%
Australia Eclipse
86%
Albania Nân
86%
United Kingdom Eins, Zwei, Drei
84%
Israel Michelle
84%
Luxembourg Mother Nature
84%
Georgia On Replay
84%
Armenia Paloma Rumba
84%
Portugal Rosa
84%
Austria Tanzschein
84%
Moldova Viva, Moldova
84%
Latvia Ena
83%
Italy Per Sempre Si
83%
Lithuania Solo Quiero Mas
83%
Serbia Kraj Mene
80%
Finland Liekinheitin
80%
Ukraine Ridnym
80%
Denmark For Vi Gar Hjem
77%
Azerbaijan Just Go
77%
No matching quizzes found
Score Distribution
Percent of People with Each Score
Percentile by Number Answered
Your Score History
You have not taken this quiz since the last reset